Представление документа в формате RUSMARC

ПолеНазваниеЗначение
  Тип записи a
  Библиографический уровень m
001 Контрольный номер admiBOOK00017905
005 Дата корректировки 20140508173821.5
010 Индекс ISBN __
a ISBN 978-5-8041-0322-5
d Цена 115.00
100 Данные общей обработки __
a Данные общей обработки 19011227 |||y0 y0189 ca
101 Язык документа __
a Язык текста rus
105 Кодированные данные (монография) __
a Кодированные данные (монография) zy
200 Заглавие и сведения об ответственности 0_
a Заглавие Этнос и нация
210 Выходные данные __
a Место издания М
c Издательство Книжный мир
d Дата издания 2008
215 Физическое описание __
a Объем 192с.
606 Тематические рубрики __
a Основная рубрика Этнография
610 Ключевые слова __
a Ключевые слова Этнография
a Ключевые слова Этнология
a Ключевые слова Этногенез
a Ключевые слова Этнос
a Ключевые слова Нация
a Ключевые слова Субэтнос
a Ключевые слова Суперэтнос
a Ключевые слова Межэтнические отношения
a Ключевые слова Глобализация
a Ключевые слова Этническая война
a Ключевые слова Народная война
686 Индексы других классификаций __
a Классификационный индекс 63.5
700 Автор _1
a Фамилия Севастьянов
b Имя А.Н.
852 Данные о местонахождении __
c Местонахождение стеллажа 63.5
j Шифр хранения 63.5
852 Данные о местонахождении __
b Сигла хранения ЧЗ_1
t Номер экземпляра 1
i Авторский знак С28
p Инвентарный номер 144154
901 Тип документа __
t Тип документа m
911 __
u 952a=Научное издание
u 952p=1925
938 Служебная информация __
a Название организации Саранский филиал
b Имя БД OUTPUT.MRC_Саранск
c Название АИБС АИБС Библиотека